Augusto figlio di Dio
Saved in:
| Main Author: | |
|---|---|
| Format: | Unknown |
| Language: | English |
| Published: |
Bari, Italia.
Laterza,
2021
|
| Edition: | 6 edizione |
| Series: | Economica Laterza;
788 |
| Subjects: | |
| Tags: |
Add Tag
No Tags, Be the first to tag this record!
|
MARC
| LEADER | 00000 a2200000 4500 | ||
|---|---|---|---|
| 003 | CL-VaPUC | ||
| 005 | 20211122152815.0 | ||
| 008 | 211026b2021 ||||| |||| 00| 0 eng d | ||
| 999 | |c 433775 |d 433773 | ||
| 020 | |a 978-88-581-2638-7 | ||
| 040 | |c Pontificia Universidad Católica de Valparaíso | ||
| 082 | |a 937.07092 CAN 2021 | ||
| 100 | 1 | |a Canfora, Luciano |9 863789 | |
| 245 | 1 | |a Augusto figlio di Dio | |
| 250 | |a 6 edizione | ||
| 260 | |a Bari, Italia. |b Laterza, |c 2021 | ||
| 300 | |a 564 páginas | ||
| 490 | |a Economica Laterza; |v 788 | ||
| 583 | |k Cristina María Rojas Aguilar |c 20211026 | ||
| 600 | 0 | |a Augusto |9 319472 |d 63 a.C.-14 d.C |x Emperador de Roma | |
| 650 | 0 | |a Historia antigua |9 267521 |x Historiografía | |
| 942 | |2 ddc |c BK | ||
| 952 | |0 0 |1 0 |2 ddc |4 0 |6 937_070920000000000_CAN_2021 |7 0 |8 A |9 579057 |a BIBHIS |b BIBHIS |d 2021-10-26 |e 151 |g 13255.62 |i 558969K |l 2 |m 3 |o 937.07092 CAN 2021 |p 558969K |r 2025-01-20 |s 2024-11-18 |t 1 |v 13255.62 |w 2021-10-26 |y BK |k HIS | ||